000 00450nam a22001457a 4500
999 _c63680
_d63680
005 20181218122427.0
020 _a8188237132
_c155.00
035 _aB-122141, B-122140, B-122143
037 _aDPL
_bENG
245 _aDictionary of media and journalism :
_bTV, Radio, Print and internet /
260 _aNew Delhi
_bI.K. International Pvt Ltd.
_c2004
300 _axiii, 331p.
_c18 cms.
942 _2ddc
_cEN
_h070.403
_mDIC